Statistiques concernant Top 15 des pays avec les décès de Covid-19 - 16 mai 2021

Cliquez ici pour prendre le quiz!

Statistiques générales

  • Ce quiz a été pris 18 fois
  • Le résultat moyen est 16 sur 24

Statistiques - réponses

pays% Correct
Etats-Unis
100%
France
94%
Royaume-Uni
94%
Belgique
88%
Brésil
88%
Espagne
88%
Inde
88%
Italie
88%
Mexique
88%
Russie
88%
Allemagne
81%
Argentine
81%
Colombie
63%
Iran
63%
Pérou
56%
Pologne
50%
Slovaquie
50%
Slovénie
44%
Bulgarie
38%
Hongrie
38%
Macédoine du Nord
38%
Tchèquie
38%
Croatie
31%
Bosnie-Herzégovine
25%

Distribution des résultats

Percentile par nombre de réponses

% des personnes avec chaque résultat

Votre développement - résultats

Vous n’avez pas pris ce quiz